000 01770cam a2200613 4500
001
008 000000n2000 000 0 eng u
020 _a0728203472
035 _a(Sirsi) u105068
050 _a333.332
100 _aRees, W.H.
_xeditor
245 _aValuation : principles into practice
250 _a5th ed.
260 _aLondon
_bEstates Gazette
_c2000
300 _axlvii,807p. ; 21cm.
350 _a29.00
520 _aThe latest edition of a handbook for advanced students and practitioners with chapters covering all aspects of property valuation written by experts.
520 _aSuperseded by 6th ed. (ISBN 9780728205246).
650 _aAGRICULTURAL PROPERTY
650 _aRESIDENTIAL PROPERTY
_96266
650 _aLEASEHOLD ENFRANCHISEMENT
650 _aBUSINESS TENANCIES
650 _aINDUSTRIAL PROPERTY
650 _aDISTRIBUTION PROPERTY
650 _aOFFICES
650 _aRETAIL PROPERTY
650 _aTAXATION
650 _aCompulsory purchase
_96228
650 _aCOMPENSATION
650 _aPLANNING RESTRICTIONS
650 _aMINERALS
650 _aRATING
650 _aDEVELOPMENT PROPERTY
650 _aGARAGES
650 _aPETROL FILLING STATIONS
650 _aLEASE RENEWALS
650 _aRENT REVIEWS
650 _aPROPERTY-COMMERCIAL PROPERTY
650 _aASSET VALUATION
650 _aPUBLIC HOUSES
650 _aHOTELS
650 _aLEISURE PROPERTY
650 _aEASEMENTS
650 _aWAYLEAVES
650 _aSEWERS
650 _aPIPELINES
650 _aCABLES
650 _aInsurance
_96249
650 _aCARE HOMES
650 _aNEGLIGENCE
690 _aPROPERTY-PROPERTY APPRAISAL AND VALUATION
700 _aHayward, R.E.H.
_xeditor
942 _n0
999 _c100326
_d100326